Kieler Stadtporträt 1870/1920

Titel: Kieler Stadtporträt 1870/1920 : der Einzug der Moderne im Spiegel der Bildpostkarte / Jürgen Jensen
Beteiligt:
Veröffentlicht: Heide : Boyens, 2002
Umfang: 264 Seiten : Illustrationen, Karten ; 33 cm
Format: Buch
Sprache: Deutsch
Schriftenreihe/
mehrbändiges Werk:
Sonderveröffentlichung der Gesellschaft für Kieler Stadtgeschichte ; Bd. 42
Schlagworte:
ISBN: 3804211097
Buchumschlag
X
alg: 11202694
001A    $06000:13-06-03 
001B    $01999:11-06-25 $t18:58:26.000 
001D    $06000:13-06-03 
001U    $0utf8 
001X    $00 
002@    $0Aaxaf 
002C    $aunbewegtes Bild $bsti $2rdacontent 
002C    $aText $btxt $2rdacontent 
002D    $aohne Hilfsmittel zu benutzen $bn $2rdamedia 
002E    $aBand $bnc $2rdacarrier 
003@    $011202694X 
003O    $076467149 $aOCoLC 
004A    $03-8042-1109-7 $fPp. : EUR 39.90 
006G    $0967514916 
006U    $003,A26,2329 
007A    $0967514916 $aDNB 
010@    $ager 
011@    $a2002 $n2002 
013D    $RBuch $RBildliche Darstellung $#Abbildungen Formschlagwort $#Ansichtspostkarte Formschlagwort $#Bildatlas $#Bilddokumente $#Bilder Formschlagwort $#Bildmaterial Formschlagwort $#Ansichten Formschlagwort $#Bildsammlung $#Abbildungswerk $#Illustrationswerk $#Photographien-Bildband $#Fotographien-Bildband $#Bildbände $74145395-5 $8Bildband [Ts1] $9085578738 
017A    $asf 
021A    $aKieler Stadtporträt 1870/1920 $dder Einzug der Moderne im Spiegel der Bildpostkarte $hJürgen Jensen 
028C    $#Jensen, Jürgen Friedrich $7140841423 $8Jensen, Jürgen$Z1939- [Tp1] $9221884270 
033A    $pHeide $nBoyens 
034D    $a264 Seiten 
034I    $a33 cm 
034M    $aIllustrationen, Karten 
036E    $aSonderveröffentlichung der Gesellschaft für Kieler Stadtgeschichte $lBd. 42 
036F    $x242 $8Sonderveröffentlichungen der Gesellschaft für Kieler Stadtgeschichte $9186202806 $lBd. 42 
041A/80 $i19.1a 
041A/90 $hXA-DE-SH 
044K    $qDNB $#Kiel $#Gross-Kiel $#Landeshauptstadt Kiel $#Kiel Holstein $#Kilia Holsatorum $#Kilonum Holsatorum $#Chilonium $#Chilomium $#Kilia $#Kiliae Holsatorum $#Kilonia $#Kylis $#Ķīle $74030481-4 $8Kiel [Tg1] $9085080691 
045E    $a61 $a63 
045R    $aGeschichte 1870-1920 

lok: 11202694 24

exp: 11202694 24 1 #EPN
201B/01 $030-09-24 $t13:35:16.000 
201C/01 $030-09-24 
201U/01 $0utf8 
203@/01 $01275058736 
208@/01 $a30-09-24 $bz 
209A/01 $a24.05771 $du $f050 $h24 05771 $x00 
209B/01 $aNL_Jaworski_Rudolf-2024 $x05 
209C/01 $a24.05771 K $h24 05771 K 
209G/01 $a74949967 $x00 
220C/01 $ajwa 
244Z/01 $#Jaworski, R. $7121416062 $8--Tp1--Jaworski, Rudolf$Z1944- $x80 $9152801359 
247C/01 $8358050-7 Marburg, Bibliothek des Herder-Instituts Marburg $9102600961
LEADER 00000cam a22000002c 4500
001 11202694X
003 DE-603
005 20250611185826.0
007 tu
008 030613s2002 xx |||| | u00||u|ger
015 |a 03,A26,2329  |2 dnb 
016 7 |2 DE-101  |a 967514916 
020 |a 3804211097  |c Pp. : EUR 39.90 
035 |a (DE-599)DNB967514916 
035 |a (OCoLC)76467149 
040 |a DE-603  |b ger  |c DE-603  |d DE-603 
041 |a ger 
043 |c XA-DE-SH 
084 |a 61  |a 63  |q DE-101  |2 sdnb 
084 |a 19.1a  |q DE-101  |2 sdnb 
090 |a b 
245 0 0 |a Kieler Stadtporträt 1870/1920  |b der Einzug der Moderne im Spiegel der Bildpostkarte  |c Jürgen Jensen 
264 1 |a Heide  |b Boyens  |c 2002 
300 |a 264 Seiten  |b Illustrationen, Karten  |c 33 cm 
336 |a unbewegtes Bild  |b sti  |2 rdacontent 
336 |a Text  |b txt  |2 rdacontent 
337 |a ohne Hilfsmittel zu benutzen  |b n  |2 rdamedia 
338 |a Band  |b nc  |2 rdacarrier 
490 1 |a Sonderveröffentlichung der Gesellschaft für Kieler Stadtgeschichte  |v Bd. 42 
648 7 |a Geschichte 1870-1920  |2 gnd 
651 7 |a Kiel  |0 (DE-588)4030481-4  |0 (DE-603)085080691  |2 gnd 
655 7 |a Bildband  |2 gnd-content  |0 (DE-588)4145395-5  |0 (DE-603)085578738 
700 1 |a Jensen, Jürgen  |d 1939-  |0 (DE-603)221884270  |0 (DE-588)140841423  |2 gnd 
810 2 2 |a Gesellschaft für Kieler Stadtgeschichte  |t Sonderveröffentlichungen der Gesellschaft für Kieler Stadtgeschichte  |v Bd. 42  |w (DE-603)186202806  |w (DE-600)561399-1  |9 242  |7 as 
924 0 |9 Mb 50  |a (DE-603)1275058736  |b DE-Mb50  |c HES  |d c  |g 24.05771